[Event "C.to Provinciale CO"]
[Site "Villa Guardia ITA"]
[Date "2013.01.20"]
[Round "2"]
[White "Guzzetti, Luigi Enrico"]
[Black "Nastasi, Ivano"]
[WhiteElo "1917"]
[BlackElo "1706"]
[Result "1-0"]
[PlyCount "83"]
[EventDate "2013.01.19"]

1. e4 c5 2. Nf3 e6 3. d4 cxd4 4. Nxd4 Nf6 5. Nc3 Bb4 6. Bg5 Qa5 7. Bd2 Qe5 8.
Nf3 Qc7 9. Bd3 e5 10. O-O a6 11. Nb5 axb5 12. Bxb4 Nc6 13. Qd2 Qb6 14. Bd6 Nd4
15. Bxe5 Nxf3+ 16. gxf3 h6 17. Qe3 Qe6 18. Bxf6 gxf6 19. Kh1 b6 20. a3 Qc6 21.
e5 f5 22. Bxf5 Bb7 23. Be4 Qc7 24. Rad1 O-O-O 25. Rd3 Kb8 26. Bxb7 Kxb7 27. Rc3
Qb8 28. Rd1 Rhe8 29. Rd6 Ka7 30. Rcd3 Re7 31. f4 f5 32. Rxh6 Rg7 33. Rhd6 Rdg8
34. Rxd7+ Rxd7 35. Rxd7+ Ka6 36. Qd3 Qc8 37. a4 Qc6+ 38. Rd5 Ka7 39. axb5 Qb7
40. f3 Kb8 41. Rd7 Qc8 42. Qd6+ 1-0

[Event "C.to Provinciale CO"]
[Site "Villa Guardia ITA"]
[Date "2013.01.20"]
[Round "2"]
[White "Lipari, Alberto"]
[Black "Gonella, Graziano"]
[WhiteElo "1581"]
[BlackElo "1181"]
[Result "1-0"]
[PlyCount "59"]
[EventDate "2013.01.19"]

1. c4 e5 2. Nc3 Nf6 3. g3 Bc5 4. Bg2 O-O 5. d3 Nc6 6. Nf3 a6 7. Bg5 d6 8. O-O
Bg4 9. Nh4 Be6 10. Qa4 Qd7 11. Bxf6 gxf6 12. Ne4 Rab8 13. Nxf6+ Kg7 14. Nxd7
Bxd7 15. Be4 f5 16. Bd5 Rbd8 17. Qd1 f4 18. Kh1 Bh3 19. Rg1 Bxf2 20. gxf4+ Kf6
21. fxe5+ Kxe5 22. Rg5+ Kf4 23. Nf3 Bg4 24. Bxc6 bxc6 25. Qd2+ Be3 26. Rxg4+
Kxg4 27. Qxe3 Rde8 28. Rg1+ Kf5 29. Nd4+ Kf6 30. Qg5+ 1-0

[Event "C.to Provinciale CO"]
[Site "Villa Guardia ITA"]
[Date "2013.01.20"]
[Round "2"]
[White "Longo, Giovanni"]
[Black "Bernasconi, Roberto"]
[WhiteElo "1661"]
[BlackElo "1964"]
[Result "1/2-1/2"]
[PlyCount "47"]
[EventDate "2013.01.19"]

1. e4 e5 2. Nf3 Nf6 3. Nc3 Nc6 4. Bb5 Bb4 5. d3 Nd4 6. Bc4 d5 7. exd5 Bg4 8.
Bg5 h6 9. Bd2 O-O 10. Ne4 Bxd2+ 11. Nexd2 Nxd5 12. c3 Nxf3+ 13. Nxf3 Nf4 14.
O-O Qf6 15. Kh1 Rad8 16. Re1 Rfe8 17. Re4 Rd6 18. d4 Kf8 19. Be2 Qg6 20. Rxe5
Rde6 21. Qf1 Rxe5 22. dxe5 Qc2 23. Nd4 Bxe2 24. Nxc2 1/2-1/2

[Event "C.to Provinciale CO"]
[Site "Villa Guardia ITA"]
[Date "2013.01.20"]
[Round "2"]
[White "Moioli, Ferruccio"]
[Black "Ambrosoli, Nadia Manuela"]
[WhiteElo "1648"]
[BlackElo "1472"]
[Result "1-0"]
[PlyCount "79"]
[EventDate "2013.01.19"]

1. d4 d5 2. Nf3 Nf6 3. Bf4 Nc6 4. e3 Bg4 5. Nbd2 Ne4 6. a3 Nxd2 7. Qxd2 Bxf3 8.
gxf3 e6 9. Rg1 g6 10. Bb5 Bd6 11. Bg5 Be7 12. Bh6 a6 13. Bxc6+ bxc6 14. Qc3 Qd7
15. Bg7 Rg8 16. Bh6 f5 17. f4 Kf7 18. Bg5 Rab8 19. b4 Rb6 20. Ke2 Rh8 21. Qd3
Bxg5 22. Rxg5 Qe7 23. Rag1 Rg8 24. c3 h6 25. R5g3 g5 26. f3 Qf6 27. Kf2 Rg7 28.
e4 g4 29. exf5 Qxf5 30. Qxf5+ exf5 31. fxg4 fxg4 32. Rxg4 Rxg4 33. Rxg4 Kf6 34.
h4 Kf5 35. Kf3 Rb8 36. h5 Re8 37. Rg6 Re4 38. Rxh6 Rxf4+ 39. Ke3 Rh4 40. Rxc6
1-0

[Event "C.to Provinciale CO"]
[Site "Villa Guardia ITA"]
[Date "2013.01.20"]
[Round "2"]
[White "Napoli, Ferdinando"]
[Black "Coppola, Guido"]
[WhiteElo "1723"]
[BlackElo "1992"]
[Result "0-1"]
[PlyCount "46"]
[EventDate "2013.01.19"]

1. e4 g6 2. d4 Bg7 3. c4 d6 4. Nc3 Nf6 5. Be2 O-O 6. Nf3 e5 7. O-O Nc6 8. d5
Ne7 9. Ne1 Ne8 10. Be3 f5 11. f3 f4 12. Bf2 g5 13. b4 Ng6 14. c5 Nf6 15. Rc1
Bd7 16. cxd6 cxd6 17. Nb5 Bxb5 18. Bxb5 g4 19. Kh1 g3 20. hxg3 fxg3 21. Bxg3
Nh5 22. Bf2 Bh6 23. Rc2 Bf4 0-1

[Event "C.to Provinciale CO"]
[Site "Villa Guardia ITA"]
[Date "2013.01.20"]
[Round "2"]
[White "Petetta, Roberto"]
[Black "Puppi, Simone"]
[WhiteElo "1660"]
[BlackElo "1551"]
[Result "0-1"]
[PlyCount "146"]
[EventDate "2013.01.19"]

1. e4 c5 2. Nf3 Nc6 3. d4 cxd4 4. Nxd4 g6 5. Be3 Bg7 6. c3 a6 7. Nd2 Qc7 8.
N2b3 Nf6 9. f3 O-O 10. Be2 Ne5 11. Nd2 b5 12. O-O d5 13. exd5 Nxd5 14. Bf2 Nf4
15. Ne4 Nxe2+ 16. Qxe2 Bb7 17. Rfd1 e6 18. Ng5 Qc4 19. Qxc4 Nxc4 20. b3 Nb6 21.
Ndxe6 fxe6 22. Nxe6 Bxc3 23. Nxf8 Bxa1 24. Rxa1 Nd5 25. Ne6 Rc8 26. Nd4 Rc3 27.
Re1 Kf7 28. Kf1 Nf4 29. Ne2 Nxe2 30. Rxe2 Rc1+ 31. Be1 Ra1 32. Kf2 Rd1 33. Bb4
Rd7 34. Bc5 a5 35. a3 Bd5 36. b4 a4 37. g3 Bc4 38. Re1 Kf6 39. f4 Rd2+ 40. Kg1
Bd5 41. Bf2 Ra2 42. Bd4+ Kf7 43. Re5 Bc4 44. Re3 Rd2 45. Bc5 h5 46. Rc3 Ke6 47.
Bf2 Kf5 48. h3 Re2 49. Re3 Rxe3 50. Bxe3 Ke4 51. Bf2 Kd3 52. g4 hxg4 53. hxg4
Be6 54. g5 Kc2 55. Kf1 Kb2 56. Ke2 Kxa3 57. Kd1 Bb3+ 58. Ke1 Kb2 59. Kd2 a3 60.
Bc5 Ba4 61. f5 gxf5 62. g6 Bb3 63. g7 Bg8 64. Kd1 f4 65. Bf2 Bh7 66. Ke1 Kb3
67. Bc5 f3 68. Kd2 a2 69. Bd4 f2 70. Ke2 Kxb4 71. Kxf2 Kb3 72. Ke2 Kc2 73. Ke3
b4 0-1

[Event "C.to Provinciale CO"]
[Site "Villa Guardia ITA"]
[Date "2013.01.20"]
[Round "2"]
[White "Poletto, Daniele"]
[Black "Aldeghi, Damiano"]
[WhiteElo "1713"]
[BlackElo "1434"]
[Result "1-0"]
[PlyCount "105"]
[EventDate "2013.01.19"]

1. c4 Nf6 2. Nc3 e5 3. g3 d5 4. cxd5 Nxd5 5. Bg2 Nxc3 6. bxc3 c6 7. Rb1 Be6 8.
Rxb7 Bd5 9. Nf3 Qa5 10. a4 Bc5 11. Rb1 O-O 12. O-O Nd7 13. d4 exd4 14. cxd4 Bd6
15. Bd2 Qa6 16. Bb4 Bxb4 17. Rxb4 Rfe8 18. Re1 Rab8 19. Rxb8 Rxb8 20. Nd2 Bxg2
21. Kxg2 Rb4 22. e3 Qxa4 23. Qxa4 Rxa4 24. Rc1 Ra6 25. Nf3 h6 26. h4 g6 27. Rc2
Rb6 28. Nd2 a5 29. Ra2 Ra6 30. Nc4 a4 31. Kf3 Kg7 32. Ke4 f5+ 33. Kd3 Nf6 34.
Nb2 a3 35. Nc4 Nd5 36. Rxa3 Rxa3+ 37. Nxa3 h5 38. Nc4 Kf6 39. Ne5 Ne7 40. Kc4
g5 41. hxg5+ Kxg5 42. Kc5 Kf6 43. Nxc6 Ng8 44. d5 Nh6 45. d6 Ke6 46. Nd4+ Kd7
47. f3 Nf7 48. Nxf5 Ne5 49. f4 Ng4 50. e4 Nf2 51. e5 Ne4+ 52. Kd4 Nf2 53. Ng7
1-0

[Event "C.to Provinciale CO"]
[Site "Villa Guardia ITA"]
[Date "2013.01.20"]
[Round "2"]
[White "Primerano, Carlo"]
[Black "Grassetto, Gilberto"]
[WhiteElo "1784"]
[BlackElo "1859"]
[Result "1-0"]
[PlyCount "77"]
[EventDate "2013.01.19"]

1. d4 d5 2. c4 c6 3. cxd5 cxd5 4. Nc3 Nf6 5. Nf3 e6 6. Bf4 a6 7. e3 Bd7 8. Bd3
Be7 9. Ne5 Nc6 10. O-O O-O 11. Rc1 Rc8 12. a3 b5 13. b4 Ne8 14. Bb1 Nd6 15. Qd3
f5 16. Nxc6 Rxc6 17. Bxd6 Bxd6 18. Ne2 Qb8 19. g3 Rfc8 20. Rxc6 Rxc6 21. Rc1
Rxc1+ 22. Nxc1 Qb6 23. Nb3 g6 24. Nc5 Bc8 25. f4 a5 26. Kf2 axb4 27. axb4 Kf7
28. Qa3 Bxc5 29. dxc5 Qa6 30. Qxa6 Bxa6 31. Ke2 h6 32. Kd3 Kf6 33. Kd4 g5 34.
Bd3 gxf4 35. exf4 Ke7 36. Ke5 Kf7 37. Kd6 Kf6 38. c6 d4 39. c7 1-0

[Event "C.to Provinciale CO"]
[Site "Villa Guardia ITA"]
[Date "2013.01.20"]
[Round "2"]
[White "Revinelli, Sergio"]
[Black "Liscio, Giovanni"]
[WhiteElo "1824"]
[BlackElo "1999"]
[Result "1/2-1/2"]
[PlyCount "66"]
[EventDate "2013.01.19"]

1. e4 c5 2. Nf3 d6 3. d4 cxd4 4. Nxd4 Nf6 5. Nc3 a6 6. Be2 e6 7. O-O Be7 8. a4
b6 9. f4 Bb7 10. Bf3 d5 11. e5 Ne4 12. Bxe4 dxe4 13. Kh1 O-O 14. Be3 Nd7 15.
Qe2 Bb4 16. Na2 Bc5 17. Nc3 Rc8 18. Nb3 Bb4 19. Na2 Qe7 20. c3 Bc5 21. Rfe1
Rfd8 22. Nd2 Bxe3 23. Qxe3 Nc5 24. Nc1 Qd7 25. Nc4 Qc6 26. Nd6 Rxd6 27. exd6
Qxd6 28. b4 Nd3 29. Nxd3 exd3 30. Qd2 Qc6 31. Rac1 h5 32. Re3 Rd8 33. Rg1 b5
1/2-1/2

[Event "C.to Provinciale CO"]
[Site "Villa Guardia ITA"]
[Date "2013.01.20"]
[Round "2"]
[White "Rosini, Luca Ungaro"]
[Black "Ghelfi, Giancarlo"]
[WhiteElo "1368"]
[BlackElo "1642"]
[Result "1-0"]
[PlyCount "107"]
[EventDate "2013.01.19"]

1. d4 Nf6 2. c4 g6 3. Nc3 Bg7 4. e4 d6 5. Nf3 Nbd7 6. Bd3 O-O 7. O-O e5 8. d5
a5 9. Bg5 h6 10. Be3 Nc5 11. Bc2 Ne8 12. Ne1 f5 13. f3 f4 14. Bf2 Bf6 15. Nd3
Nxd3 16. Qxd3 Bh4 17. Rac1 Qg5 18. Bxh4 Qxh4 19. Qe2 Ng7 20. Qf2 Qg5 21. c5 Ne8
22. cxd6 Nxd6 23. Qc5 Bh3 24. Rf2 Rf7 25. Nb5 b6 26. Qc6 Bd7 27. Qxa8+ Rf8 28.
Qa7 Nxb5 29. Qb7 h5 30. a4 Nd4 31. Qxc7 Bh3 32. Qc3 Rc8 33. Qd2 Bd7 34. Bd1 Rf8
35. Rc7 Qd8 36. Qc3 Kh7 37. Rc4 Qf6 38. Rd2 Kh6 39. Rdxd4 exd4 40. Qxd4 Qxd4+
41. Rxd4 Rc8 42. Kf2 Rc1 43. e5 Rb1 44. b3 Rb2+ 45. Kf1 Rb1 46. e6 Bc8 47. e7
Bd7 48. Ke2 Kg7 49. Rc4 g5 50. Rc7 Rb2+ 51. Kd3 Be8 52. d6 Bg6+ 53. Kc3 Rb1 54.
e8=Q+ 1-0

[Event "C.to Provinciale CO"]
[Site "Villa Guardia ITA"]
[Date "2013.01.20"]
[Round "2"]
[White "Tavasci, Alfio"]
[Black "Rizzi, Pierantonio"]
[WhiteElo "1640"]
[BlackElo "1401"]
[Result "1-0"]
[PlyCount "47"]
[EventDate "2013.01.19"]

1. d4 d5 2. e4 e6 3. e5 c5 4. c3 cxd4 5. cxd4 Nc6 6. Nf3 Bb4+ 7. Bd2 a5 8. a3
Bxd2+ 9. Nbxd2 Nge7 10. Bd3 O-O 11. Bxh7+ Kh8 12. Bc2 Nf5 13. Nb3 a4 14. Nc5 b5
15. Qd3 g6 16. h4 Kg7 17. g4 Nfxd4 18. Nxd4 Nxe5 19. Qe2 Qd6 20. Nd3 Nxd3+ 21.
Qxd3 b4 22. axb4 Qxb4+ 23. Qc3 Qd6 24. Nf5+ 1-0

[Event "C.to Provinciale CO"]
[Site "Villa Guardia ITA"]
[Date "2013.01.20"]
[Round "3"]
[White "Aldeghi, Damiano"]
[Black "Napoli, Ferdinando"]
[WhiteElo "1434"]
[BlackElo "1723"]
[Result "0-1"]
[PlyCount "53"]
[EventDate "2013.01.19"]

1. e4 c5 2. Nf3 d6 3. Bc4 e6 4. O-O Nc6 5. d4 cxd4 6. Nxd4 Bd7 7. Nc3 a6 8.
Nxc6 Bxc6 9. a4 Nf6 10. Re1 Qc7 11. a5 Be7 12. Qd4 Rc8 13. e5 dxe5 14. Qb6 Qxb6
15. axb6 Bc5 16. Be3 Bb4 17. Bd2 O-O 18. Rad1 Rfd8 19. h3 Rd4 20. b3 Rxd2 21.
Rxd2 Bxc3 22. Red1 Bxd2 23. Rxd2 Kf8 24. Rd1 Ke7 25. Ra1 Nd5 26. Bxa6 Ra8 27.
Ra5 0-1

[Event "C.to Provinciale CO"]
[Site "Villa Guardia ITA"]
[Date "2013.01.20"]
[Round "3"]
[White "Ambrosoli, Nadia Manuela"]
[Black "Gonella, Graziano"]
[WhiteElo "1472"]
[BlackElo "1181"]
[Result "1-0"]
[PlyCount "63"]
[EventDate "2013.01.19"]

1. d4 d5 2. c4 Nf6 3. Nc3 g6 4. Nf3 Bg7 5. Bf4 O-O 6. e3 a6 7. a4 Bf5 8. Bd3
dxc4 9. Bxc4 Nbd7 10. O-O Nb6 11. Qb3 Nxc4 12. Qxc4 c6 13. Rfe1 Be6 14. Qe2 Nd5
15. Bg3 f5 16. Rad1 Nf6 17. e4 Bb3 18. Rb1 fxe4 19. Nxe4 Nd5 20. Nc5 Nf4 21.
Bxf4 Rxf4 22. Nxb3 Bxd4 23. Qe6+ Kg7 24. Rbd1 Qb6 25. Nfxd4 Rxd4 26. Nxd4 Qxb2
27. Qxe7+ Kh6 28. Qe3+ Kg7 29. Ne6+ Kf7 30. Rd7+ Ke8 31. Nc5+ Kf8 32. Qe7+ 1-0

[Event "C.to Provinciale CO"]
[Site "Villa Guardia ITA"]
[Date "2013.01.20"]
[Round "3"]
[White "Bernasconi, Roberto"]
[Black "Crippa, Matteo"]
[WhiteElo "1964"]
[BlackElo "1486"]
[Result "1/2-1/2"]
[PlyCount "38"]
[EventDate "2013.01.19"]

1. e4 c5 2. Nf3 Nc6 3. Bb5 e6 4. Bxc6 dxc6 5. d3 g6 6. O-O Bg7 7. Nbd2 Nf6 8.
Re1 O-O 9. Nc4 b6 10. Bf4 Ba6 11. Bd6 Re8 12. e5 Nd7 13. Qd2 f6 14. exf6 Nxf6
15. Rad1 b5 16. Qf4 Nh5 17. Qg4 bxc4 18. dxc4 Qf6 19. Qe4 Bf8 1/2-1/2

[Event "C.to Provinciale CO"]
[Site "Villa Guardia ITA"]
[Date "2013.01.20"]
[Round "3"]
[White "Buonocore, Elio"]
[Black "Corti, Massimo"]
[WhiteElo "2189"]
[BlackElo "1986"]
[Result "0-1"]
[PlyCount "110"]
[EventDate "2013.01.19"]

1. e4 e6 2. d4 d5 3. Nc3 Be7 4. Nf3 Nf6 5. Bd3 a6 6. O-O c5 7. dxc5 dxe4 8.
Nxe4 Nxe4 9. Bxe4 Qa5 10. Bd2 Qxc5 11. Bc3 O-O 12. Ne5 f5 13. Bf3 Bf6 14. Qe2
Nc6 15. Bxc6 Bxe5 16. Bxe5 Qxc6 17. Rfd1 Bd7 18. Rd6 Qc8 19. Rad1 Bc6 20. c4
Rf7 21. Bc3 Re7 22. h4 Qe8 23. Be5 Qg6 24. f3 Qf7 25. Qd2 h6 26. Qd4 Qg6 27.
Rd3 Rc8 28. Kf2 Kh7 29. b3 Qf7 30. Rd1 Rce8 31. a4 Rc8 32. Qb6 Rcc7 33. R1d4
Rcd7 34. Rxd7 Rxd7 35. Ke3 Qe7 36. Rxd7 Qxd7 37. Qd4 Qf7 38. Qd6 Qg6 39. Kf2
Qf7 40. Qc7 Kg8 41. Qd8+ Kh7 42. Qd1 Qh5 43. Qd4 Qf7 44. h5 Qe7 45. Bg3 Qf7 46.
Be5 Qe7 47. Kf1 Qf7 48. Kf2 Qe7 49. a5 Qf7 50. Qh4 Qd7 51. Qg3 Qf7 52. Kg1 Kg8
53. Kf2 Be8 54. Ke3 Qe7 55. Qh4 Qxh4 0-1

[Event "C.to Provinciale CO"]
[Site "Villa Guardia ITA"]
[Date "2013.01.20"]
[Round "3"]
[White "Carbone, Lorenzo"]
[Black "Revinelli, Sergio"]
[WhiteElo "1725"]
[BlackElo "1824"]
[Result "0-1"]
[PlyCount "87"]
[EventDate "2013.01.19"]

1. e4 e5 2. Nf3 Nc6 3. Bb5 f5 4. Nc3 fxe4 5. Nxe4 d5 6. Nxe5 dxe4 7. Nxc6 Qg5
8. Qe2 Nf6 9. f4 Qxf4 10. d4 Qh4+ 11. g3 Qh3 12. Ne5+ c6 13. Bc4 Be6 14. Be3
Bd6 15. O-O-O O-O 16. Bxe6+ Qxe6 17. Qc4 Nd5 18. Rhf1 Bxe5 19. dxe5 Qxe5 20.
Rde1 Rxf1 21. Rxf1 a6 22. Re1 Re8 23. Kb1 Qe6 24. Bc1 Nf6 25. Qc3 h6 26. b3 Re7
27. Ba3 Rd7 28. Bc1 Qh3 29. Rh1 Qh5 30. Qe1 Qd5 31. Rf1 Qh5 32. Rh1 Qg6 33. Qe2
Qg4 34. Qe1 Rf7 35. h3 Qe6 36. g4 Nd5 37. Rh2 Qe5 38. Rh1 Nc3+ 39. Kb2 Ne2+ 40.
Kb1 Nxc1 41. Qxc1 e3 42. Qb2 Qe4 43. Qc1 e2 44. Qe1 0-1

[Event "C.to Provinciale CO"]
[Site "Villa Guardia ITA"]
[Date "2013.01.20"]
[Round "3"]
[White "Coppola, Guido"]
[Black "Gonella, Daniele"]
[WhiteElo "1992"]
[BlackElo "2141"]
[Result "0-1"]
[PlyCount "54"]
[EventDate "2013.01.19"]

1. e4 c5 2. Nf3 e6 3. d3 Nc6 4. g3 d5 5. Nbd2 Be7 6. Bg2 Nf6 7. O-O O-O 8. Re1
Qc7 9. Nf1 b6 10. h4 Bb7 11. e5 Nd7 12. Bf4 Rae8 13. N1h2 Qc8 14. h5 f6 15. Ng4
fxe5 16. Ngxe5 Bf6 17. Nxd7 Qxd7 18. Ne5 Bxe5 19. Bxe5 Rf5 20. Bf4 Qf7 21. Bh3
Rf6 22. c3 e5 23. Qe2 h6 24. Bd2 e4 25. f4 Ba6 26. g4 Bxd3 27. Qe3 d4 0-1

[Event "C.to Provinciale CO"]
[Site "Villa Guardia ITA"]
[Date "2013.01.20"]
[Round "3"]
[White "Corti, Filippo"]
[Black "Bettinelli, Sergio"]
[WhiteElo "1630"]
[BlackElo "1323"]
[Result "1-0"]
[PlyCount "107"]
[EventDate "2013.01.19"]

1. Nf3 Nf6 2. g3 g6 3. Bg2 Bg7 4. d3 d6 5. O-O O-O 6. Nc3 a6 7. e4 Nbd7 8. h3
c5 9. Bg5 b6 10. Qd2 Ne5 11. Nxe5 dxe5 12. Be3 Bb7 13. f4 Qc7 14. fxe5 Qxe5 15.
Bf4 Qd4+ 16. Be3 Qe5 17. Qf2 Nh5 18. Bf4 Qd4 19. Bf3 Qxf2+ 20. Kxf2 Bd4+ 21.
Kg2 Nxf4+ 22. gxf4 Rad8 23. Ne2 Bxb2 24. Rab1 Bg7 25. Rxb6 Bc8 26. Rfb1 g5 27.
fxg5 Kh8 28. Ng3 c4 29. Nf5 Bd4 30. Nxd4 Rxd4 31. Rb8 cxd3 32. cxd3 Rxd3 33.
Be2 Rd2 34. R1b2 Rd4 35. Kf3 Rdd8 36. Kg3 f5 37. exf5 Rd5 38. Bg4 Kg7 39. f6+
exf6 40. Rxc8 Rd3+ 41. Kf2 fxg5+ 42. Rxf8 Kxf8 43. Rb8+ Ke7 44. Rb7+ Kd8 45.
Rxh7 Rd2+ 46. Ke3 Rxa2 47. Rg7 Ra3+ 48. Kd4 Ra5 49. Ra7 Ra4+ 50. Kc5 Ra1 51.
Kd6 Rd1+ 52. Bxd1 Ke8 53. Ke6 g4 54. Ra8# 1-0

[Event "C.to Provinciale CO"]
[Site "Villa Guardia ITA"]
[Date "2013.01.20"]
[Round "3"]
[White "Ghelfi, Giancarlo"]
[Black "Fantina, Carla"]
[WhiteElo "1642"]
[BlackElo "1458"]
[Result "1-0"]
[PlyCount "103"]
[EventDate "2013.01.19"]

1. e4 d6 2. d4 Nf6 3. Nc3 g6 4. g3 Bg7 5. Bg2 c6 6. Nge2 O-O 7. O-O Nbd7 8. h3
e5 9. Be3 exd4 10. Bxd4 Nc5 11. e5 Ne8 12. Bxc5 Bxe5 13. Bd4 Qa5 14. Bxe5 Qxe5
15. Re1 d5 16. Qd2 Qc7 17. Rad1 Be6 18. Nd4 Qd7 19. Nxe6 fxe6 20. Re5 Ng7 21.
Rde1 Rad8 22. h4 Rf6 23. Bh3 a6 24. R1e2 b5 25. Qe1 Re8 26. Rd2 Qc8 27. Ne2 Nh5
28. Nd4 Ng7 29. Rde2 c5 30. Nxe6 Qb8 31. Nxg7 Rxe5 32. Rxe5 Kxg7 33. Re7+ Kf8
34. Rxh7 Qd6 35. Rh8+ Kg7 36. Qe8 Rf8 37. Rxf8 Qxf8 38. Qe5+ Kh7 39. Qxd5 Qe7
40. Qe6 Qa7 41. Qd7+ Qxd7 42. Bxd7 Kg7 43. f4 Kf6 44. Kf2 Ke7 45. Bc8 a5 46.
Ke3 Kd6 47. Ke4 c4 48. Kd4 Kc6 49. g4 Kd6 50. h5 gxh5 51. gxh5 Ke7 52. Be6 1-0

[Event "C.to Provinciale CO"]
[Site "Villa Guardia ITA"]
[Date "2013.01.20"]
[Round "3"]
[White "Grassetto, Gilberto"]
[Black "Rosini, Luca Ungaro"]
[WhiteElo "1859"]
[BlackElo "1368"]
[Result "1-0"]
[PlyCount "59"]
[EventDate "2013.01.19"]

1. d4 Nf6 2. c4 g6 3. Nc3 Bg7 4. e4 d6 5. f3 O-O 6. Be3 Nbd7 7. Bd3 e5 8. d5 a5
9. Nge2 Nc5 10. Bc2 Nh5 11. g4 Nf6 12. Qd2 Re8 13. h4 h5 14. gxh5 Nxh5 15.
O-O-O Bd7 16. Rdg1 Rb8 17. Ng3 Nxg3 18. Rxg3 b5 19. cxb5 Bxb5 20. h5 g5 21.
Bxg5 f6 22. Bh6 Re7 23. Bxg7 Rxg7 24. Rxg7+ Kxg7 25. h6+ Kh7 26. Rg1 Qf8 27.
Rg7+ Kh8 28. Qg2 Bd3 29. Qg6 Bxe4 30. Bxe4 1-0

[Event "C.to Provinciale CO"]
[Site "Villa Guardia ITA"]
[Date "2013.01.20"]
[Round "3"]
[White "Liscio, Giovanni"]
[Black "Guzzetti, Luigi Enrico"]
[WhiteElo "1999"]
[BlackElo "1917"]
[Result "1-0"]
[PlyCount "41"]
[EventDate "2013.01.19"]

1. d4 Nf6 2. c4 g6 3. Nc3 Bg7 4. g3 O-O 5. Bg2 d6 6. e4 Nbd7 7. Nf3 c5 8. O-O
Nb6 9. dxc5 Nxc4 10. Qe2 Ne5 11. Nxe5 dxe5 12. Rd1 Qa5 13. Be3 Be6 14. Nd5 Bxd5
15. exd5 Rad8 16. Qc4 Qc7 17. b4 h6 18. Rac1 Ng4 19. Qxg4 g5 20. Qc4 Kh8 21. d6
1-0

[Event "C.to Provinciale CO"]
[Site "Villa Guardia ITA"]
[Date "2013.01.20"]
[Round "3"]
[White "Lotti, Riccardo"]
[Black "Petetta, Roberto"]
[WhiteElo "1353"]
[BlackElo "1660"]
[Result "0-1"]
[PlyCount "92"]
[EventDate "2013.01.19"]

1. c4 Nf6 2. Nc3 e6 3. g3 c6 4. Bg2 d5 5. d3 Be7 6. e3 O-O 7. Nge2 Nbd7 8. O-O
Nb6 9. cxd5 exd5 10. d4 Bf5 11. b3 Rc8 12. f3 Qd7 13. e4 Bh3 14. Bxh3 Qxh3 15.
Nf4 Qd7 16. e5 Ne8 17. a4 Nc7 18. Ba3 Rce8 19. a5 Nc8 20. Bxe7 Rxe7 21. b4 a6
22. Qd2 f6 23. exf6 Rxf6 24. Rae1 Rff7 25. Kg2 Nd6 26. Qd3 Nc4 27. Nd1 Nb5 28.
Nh3 g6 29. Ng5 Rxe1 30. Rxe1 Re7 31. Rf1 Qd6 32. f4 Qxb4 33. Nf3 Ncd6 34. Rf2
Nf5 35. Re2 Rxe2+ 36. Qxe2 Qe7 37. Qd3 Qf6 38. Qe2 Nfxd4 39. Qe8+ Kg7 40. Ne5
Qe6 41. Qd8 Nf5 42. Nf2 Qe7 43. Qb6 c5 44. Nd1 d4 45. Nb2 Ne3+ 46. Kf3 Nd5 0-1

[Event "C.to Provinciale CO"]
[Site "Villa Guardia ITA"]
[Date "2013.01.20"]
[Round "3"]
[White "Mason, Giovanni"]
[Black "Colombo, Luca"]
[WhiteElo "1656"]
[BlackElo "1880"]
[Result "0-1"]
[PlyCount "80"]
[EventDate "2013.01.19"]

1. e4 c5 2. Nf3 d6 3. c3 Nc6 4. d4 cxd4 5. Nxd4 Nf6 6. Nxc6 bxc6 7. Bd3 g6 8.
h3 Bg7 9. Be3 O-O 10. O-O c5 11. Nd2 Rb8 12. Rb1 Be6 13. c4 Qc7 14. b3 Rb7 15.
Qc2 Rfb8 16. g4 Qc8 17. f3 Bd7 18. Rf2 a5 19. a4 h5 20. Rg2 Qf8 21. Kh2 hxg4
22. hxg4 Qc8 23. Be2 Ne8 24. Qa2 Nc7 25. Nf1 Ne6 26. Nd2 Nd4 27. Bd1 Nc6 28.
Nf1 Nb4 29. Qe2 Nc6 30. Nd2 Nd4 31. Bxd4 Bxd4 32. Qd3 Kg7 33. Bc2 Qh8+ 34. Kg3
Qh6 35. Nf1 Rh8 36. Rh2 Be5+ 37. Kf2 Bxh2 38. Ke2 Qh3 39. Kd1 Be5 40. Qe2 Rhb8
0-1

[Event "C.to Provinciale CO"]
[Site "Villa Guardia ITA"]
[Date "2013.01.20"]
[Round "3"]
[White "Moioli, Ferruccio"]
[Black "Laricini, Alberto"]
[WhiteElo "1648"]
[BlackElo "1801"]
[Result "1-0"]
[PlyCount "80"]
[EventDate "2013.01.19"]

1. d4 d5 2. Nf3 Nf6 3. Bf4 Nh5 4. Bg5 h6 5. Bh4 Nf6 6. e3 e6 7. Nbd2 Be7 8. Bd3
O-O 9. h3 Nbd7 10. g4 Nh7 11. Bg3 c5 12. c3 cxd4 13. cxd4 Ng5 14. h4 Nxf3+ 15.
Qxf3 g5 16. hxg5 Bxg5 17. Qg2 Kg7 18. f4 Bf6 19. Nf3 Rh8 20. g5 hxg5 21. Kf2 g4
22. Nh2 Bh4 23. Nxg4 f5 24. Ne5 Nxe5 25. Bxh4+ Ng4+ 26. Qxg4+ fxg4 27. Bxd8
Rxd8 28. Rag1 e5 29. fxe5 Rf8+ 30. Ke2 Rf3 31. Rh7+ Kf8 32. Rgh1 Rh3 33. R1xh3
gxh3 34. e4 Kg8 35. Rh4 dxe4 36. Bxe4 Rb8 37. d5 Kg7 38. e6 Bxe6 39. dxe6 Rh8
40. Rxh8 Kxh8 1-0

[Event "C.to Provinciale CO"]
[Site "Villa Guardia ITA"]
[Date "2013.01.20"]
[Round "3"]
[White "Nastasi, Ivano"]
[Black "Lipari, Alberto"]
[WhiteElo "1706"]
[BlackElo "1581"]
[Result "1-0"]
[PlyCount "74"]
[EventDate "2013.01.19"]

1. d4 g6 2. c4 Bg7 3. Nc3 d6 4. Nf3 Nc6 5. e3 e5 6. d5 Nce7 7. e4 c6 8. Be2 Nf6
9. h3 O-O 10. g4 Qa5 11. Bd2 Qb6 12. Rb1 cxd5 13. cxd5 Bxg4 14. Be3 Qa5 15. b4
Qc7 16. Nb5 Qd7 17. hxg4 Nxe4 18. Nd2 Nxd2 19. Qxd2 a6 20. Bh6 Nf5 21. Bxg7
Kxg7 22. gxf5 axb5 23. Qh6+ Kf6 24. Bg4 Qc7 25. Qh4+ g5 26. Qh6+ Ke7 27. Qxg5+
Ke8 28. Rc1 Qb6 29. f6 Qd4 30. Qf5 Rd8 31. Bh5 Qxd5 32. Ke2 Qxa2+ 33. Rc2 Qd5
34. Rd1 Qb3 35. Rc3 Qb2+ 36. Rd2 Qxd2+ 37. Kxd2 Ra8 1-0

[Event "C.to Provinciale CO"]
[Site "Villa Guardia ITA"]
[Date "2013.01.20"]
[Round "3"]
[White "Poletto, Daniele"]
[Black "Bellotto, Stefano"]
[WhiteElo "1713"]
[BlackElo "1998"]
[Result "1/2-1/2"]
[PlyCount "193"]
[EventDate "2013.01.19"]

1. c4 d6 2. e4 c5 3. g3 Nc6 4. Nc3 g6 5. Bg2 Bg7 6. Nge2 Nf6 7. d3 O-O 8. O-O
a6 9. a3 Rb8 10. Rb1 Bg4 11. h3 Bxe2 12. Qxe2 Nd4 13. Qd1 Nd7 14. Be3 b5 15.
Bxd4 cxd4 16. Ne2 Nc5 17. cxb5 axb5 18. Kh2 b4 19. f4 Qa5 20. axb4 Rxb4 21. f5
Qb5 22. fxg6 hxg6 23. Nf4 e6 24. Qg4 Rxb2 25. Rxb2 Qxb2 26. h4 Nd7 27. Nxg6
fxg6 28. Qxe6+ Kh7 29. Rxf8 Nxf8 30. Qxd6 Qb5 31. Qa3 Nd7 32. Bf3 Nc5 33. h5
gxh5 34. Bxh5 Nxe4 35. Bf7 Nxg3 36. Qd6 Qg5 37. Bd5 Qe5 38. Qxe5 Bxe5 39. Bc4
Kg6 40. Kg2 Kf5 41. Kf3 Nf1 42. Ba6 Nd2+ 43. Ke2 Bf4 44. Bb5 Be3 45. Ba6 Ke5
46. Bb5 Kd6 47. Be8 Kc5 48. Bg6 Kb4 49. Bh7 Kc3 50. Bg6 Nb3 51. Bh7 Nc1+ 52.
Kd1 Nxd3 53. Ke2 Nf4+ 54. Kf3 d3 55. Bxd3 Kxd3 56. Kg3 Ke4 57. Kg4 Bf2 58. Kg5
Nd5 59. Kg4 Nf6+ 60. Kg5 Ke5 61. Kg6 Be3 62. Kf7 Kf5 63. Ke7 Bc5+ 64. Kd8 Ke6
65. Kc7 Kd5 66. Kb7 Kd6 67. Ka6 Nd5 68. Kb7 Nb6 69. Kb8 Kc6 70. Ka7 Nd7+ 71.
Ka8 Nb6+ 72. Kb8 Nd5 73. Ka8 Kb6 74. Kb8 Ne7 75. Ka8 Kc6 76. Kb8 Bb6 77. Ka8
Nc8 78. Kb8 Nd6 79. Ka8 Bc7 80. Ka7 Nb5+ 81. Ka8 Nd6 82. Ka7 Nc4 83. Ka8 Bb6
84. Kb8 Na5 85. Ka8 Kd7 86. Kb8 Bc5 87. Ka8 Nc4 88. Kb7 Bd6 89. Ka7 Kc7 90. Ka8
Kc6 91. Ka7 Nb6 92. Ka6 Nc8 93. Ka5 Kc5 94. Ka6 Kc6 95. Ka5 Ne7 96. Ka4 Nd5 97.
Kb3 1/2-1/2